La metamorfosi / (Registro nro. 85914)

Detalles MARC
000 -LEADER
campo de control de longitud fija 00671nam a2200205 i 4500
001 - NÚMERO DE CONTROL
campo de control 85914
003 - IDENTIFICADOR DE NÚMERO DE CONTROL
campo de control ES-MaACL
007 - CAMPO FIJO DE DESCRIPCIÓN FÍSICA--INFORMACIÓN GENERAL
campo de control de longitud fija t|
008 - DATOS DE LONGITUD FIJA--INFORMACIÓN GENERAL
campo de control de longitud fija 041202s1984 it ||||1| ita d
100 0# - ENTRADA PRINCIPAL--NOMBRE DE PERSONA
Nombre de persona Kafka, Franz,
Fechas asociadas al nombre 1883-1924
9 (RLIN) 67400
245 13 - MENCIÓN DEL TÍTULO
Título La metamorfosi /
Mención de responsabilidad, etc. Franz Kafka ; introduzione di Giuliano Baioni ; traduzione di Anita Rho.
260 ## - PUBLICACIÓN, DISTRIBUCIÓN, ETC.
Lugar de publicación, distribución, etc. Milano :
Nombre del editor, distribuidor, etc. Rizzoli,
Fecha de publicación, distribución, etc. [1984]
300 ## - DESCRIPCIÓN FÍSICA
Extensión 108 p. :
Otras características físicas il. ;
Dimensiones 18 cm.
490 1# - MENCIÓN DE SERIE
Mención de serie Biblioteca universale Rizzoli
700 1# - ENTRADA AGREGADA--NOMBRE PERSONAL
Nombre de persona Baioni, Giuliano.
9 (RLIN) 24737
700 1# - ENTRADA AGREGADA--NOMBRE PERSONAL
Nombre de persona Rho, Anita.
9 (RLIN) 96654
830 0# - PUNTO DE ACCESO ADICIONAL DE SERIE-TÍTULO UNIFORME
Título uniforme Biblioteca universale Rizzoli
9 (RLIN) 183895
852 ## - LOCALIZACIÓN
Ubicación ES-MaACL
Número de control de estantería L-6001
Sublocalización o colección R.106478
Existencias
Estatus retirado Estado de pérdida Estado de daño No para préstamo Biblioteca de origen Biblioteca actual Ubicación en estantería Fecha de adquisición Fuente de adquisición Total de préstamos Signatura topográfica completa Código de barras Visto por última vez Precio de reemplazo Tipo de ítem Koha
        Biblioteca del Ateneo de Madrid Biblioteca del Ateneo de Madrid Depósito 2 17/01/2008     L-6001 1089779 23/02/2023 23/02/2023 Libro impreso